| 000 | 00510nam a2200181 a 4500 | ||
|---|---|---|---|
| 001 | 30544 | ||
| 005 | 20180713233759.0 | ||
| 008 | 140415s1962 mx 000 0 spa d | ||
| 041 | _aspa | ||
| 082 |
_a659.1 _bHEP |
||
| 100 | 1 | _aHEPNER, HARRY WALKER | |
| 245 | 1 | 0 | _aPUBLICIDAD MODERNA PRINCIPIOS Y PRACTICAS |
| 250 | _a1a ed. | ||
| 260 |
_aMEXICO : _bUTEHA, _c1962 |
||
| 300 | _a847 | ||
| 650 | 1 | 4 |
_aMERCADOTECNIA _xPROMOCION DEL PRODUCTO _xPUBLICIDAD |
| 700 | 1 |
_aCONTRO MALO, FRANCISCO _etr. |
|
| 999 |
_c30544 _d30544 |
||